| 000 | 00469caa a22001932a 4500 | ||
|---|---|---|---|
| 001 | 002808 | ||
| 003 | AR-FADEU | ||
| 008 | 311216n############xxu####################dd | ||
| 092 | _aPP(302)OFI | ||
| 100 | _aJaunarena, Jorge | ||
| 245 | _bUna recorrida por la violencia institucional argentina | ||
| 245 | _aOficios Terrestres | ||
| 300 | _a73-87 | ||
| 440 | _v11 | ||
| 440 | _n17 | ||
| 260 | _cjun. 2005 | ||
| 650 | _aVIOLENCIA INSTITUCIONAL | ||
| 942 | _cPPGR | ||
| 999 |
_c5586 _d5586 |
||